000 00634nam a2200277Ia 4500
005 20260324150542.0
008 008 260324s9999 xx 000 0 eng d
020 _a9781315083407
037 _aEBOOK
040 _aCRL
040 _beng
040 _cCRL
041 _2eng
041 _aeng
084 _qCRL
100 _aRobert Flaceliere
_91226812
245 2 _aA Literary History of Greece
260 _bTaylor and Francis
260 _c1962
365 _a
365 _b230
856 _uhttp://www.taylorfrancis.com/books/9781315083407
942 _cEBOOK
999 _c1836452
_d1836452